000 00333nam a22001457a 4500
003 OSt
005 20160727222358.0
008 160622b xxu||||| |||| 00| 0 eng d
040 _cTEST
100 _9615
_aParish, P
245 _aAmelia, Be Delia
260 _aN.Y
_bScholastic Inc
_c1977
300 _aAmelia, Be Delia
942 _2ddc
_cBK
999 _c500
_d500